Normal view
MARC view
- السماعين، رلى
Entry Personal Name
001 - CONTROL NUMBER
- control field: 63727
003 - CONTROL NUMBER IDENTIFIER
- control field: JO-AjAnu
005 - DATE AND TIME OF LATEST TRANSACTION
- control field: 20230606084412.0
008 - FIXED-LENGTH DATA ELEMENTS
- fixed length control field: 230606|| aca||aabn | a|a d
040 ## - CATALOGING SOURCE
- Original cataloging agency: JO-AjAnu
- Transcribing agency: JO-AjAnu
100 ## - HEADING--PERSONAL NAME
- Personal name: السماعين، رلى
670 ## - SOURCE DATA FOUND
- Source citation: Work cat.: (JO-AjAnu)32490: السماعين، رلى, author, حصن السلام:التجربة الاردنية في الحوار بين اتباع الاديان ونموذج العيش المشترك